1068 1254 1346 1938 1484 1599 1130 1184 1505 1612 1298 1298 1288 1770 1568 1358 1331 1879 1934 1444 1156 1157 1742 1037 1550 1663 1864 1192 1268 1929 1611 1473 1900 1620 1167 1250 1105 1610 1749 1094 1297 1147 1719 1314 1302 1824 1530 1855 1648 1263 1537 1138 1921 1491 1396 1969 1342 1856 1456 1048 1412 1671 1169 1371 2000 1631 1147 1179 1518 1737 1255 1608 1821 1658 1633 1036 1579 1986 1232 1564 1991 1769 1966 1205 1619 1398 1646 1470 1470 1745 1835 1147 1488 1160 1490 1954 1921 1618 1671 BCNSPRNW ULIB Ver.6.0+V

เปลี่ยนเป็นภาษาไทย

Change to English
 แสดงรายละเอียดบรรณานุกรม
  กลับหน้าหลัก

Brief Record : Get Marc (ISO 2709) : E-mail record : QR code < ปิดหน้าต่าง
LEADER : 00000nam 2200000uu 4500
001    13399111412
003     ULIB
008    110624s||||||||th 000 0 tha d
020    9749325796 (ล.3)
050  4 BQ4190^bด319ต ล.3 2549
100 0  ดังตฤณ
245 10 เตรียมเสบียงไว้เลี้ยงตัว 3/^cดังตฤณ
260    กรุงเทพฯ :^bดีเอ็มจี,^c2549
300    173 :^bภาพประกอบ ;^c21 ซม.
650  7 การดำเนินชีวิต
650  7 ธรรมะกับชีวิตประจำวัน
945    ^p80^l0^i024159
995    ทศพร
999 ^a ใช้งานได้ทุกระบบ
รายการนี้ยังไม่มีแท็ก
คุณยังไม่ได้ล็อกอิน คุณสามารถมีกิจกรรมร่วมกับเว็บไซต์ได้ แต่ต้องล็อกอินก่อน ::
  ล็อกอิน

รายการสื่อสารสนเทศ

ลำดับที่ ประเภท เลขเรียก/บาร์โค้ด สถานที่ สถานะ
- ไม่พบข้อมูล -

รายการใกล้เคียง
    ผู้แต่ง [ดังตฤณ]

    หัวเรื่อง [การดำเนินชีวิต]
    หัวเรื่อง [ธรรมะกับชีวิตประจำวัน]

BibComment


ยังไม่เคยถูกคอมเมนท์

คอมเมนท์ทรัพยากรรายการนี้
  คอมเมนท์: เตรียมเสบียงไว้เล..


 Copyright 2026. Bcnsprnw @Library